[Event "Titled Tuesday intern op 18th Jun Late"]
[Site "Chess.com INT"]
[Date "2024.06.18"]
[Round "5"]
[White "Ayushh, Ravikumar"]
[Black "Gorkavij, Vadim"]
[Result "1/2-1/2"]
[WhiteElo "1950"]
[BlackElo "2333"]
[PlyCount "141"]
[EventDate "2024.06.18"]
[EventType "swiss (blitz)"]
[EventRounds "11"]
[EventCountry "USA"]
[SourceTitle "EXT 2025"]
[Source "ChessBase"]
[SourceDate "2024.10.14"]
[SourceVersion "1"]
[SourceVersionDate "2024.10.14"]
[SourceQuality "1"]

1. d4 d5 2. Nf3 Nf6 3. c4 c6 4. e3 e6 5. Nc3 Nbd7 6. Bd3 dxc4 7. Bxc4 b5 8. Bd3 a6 9. 0-0 c5 10. dxc5 Nxc5 11. Bc2 Bb7 12. b4 Nce4 13. Nxe4 Nxe4 14. a3 Qf6 15. Bxe4 Bxe4 16. Qd4 Qxd4 17. Nxd4 Be7 18. Bb2 Rc8 19. Rac1 0-0 20. f3 Bd3 21. Rfd1 Bc4 22. Kf2 Bf6 23. Ba1 Rfd8 24. f4 Bd5 25. Bb2 Kf8 26. Rxc8 Rxc8 27. Rc1 Rxc1 28. Bxc1 e5 29. fxe5 Bxe5 30. g3 Ke7 31. Bb2 Kd7 32. Ke2 g6 33. Bc1 f5 34. Nf3 Bc4+ 35. Kd2 Bf6 36. Kc2 Kd6 37. Bb2 Bxb2 38. Kxb2 Kd5 39. Kc3 Ke4 40. Nd2+ Kxe3 41. Nxc4+ bxc4 42. a4 g5 43. b5 axb5 44. axb5 f4 45. gxf4 gxf4 46. b6 f3 47. b7 f2 48. b8Q f1Q 49. Qe5+ Kf3 50. Qf5+ Kg2 51. Qxh7 Qc1+ 52. Kb4 Qd2+ 53. Kxc4 Qf4+ 54. Kd3 Qxh2 55. Qb7+ Kg3 56. Qc7+ Kg2 57. Qc6+ Kg3 58. Qd6+ Kg2 59. Qd5+ Kg3 60. Qe5+ Kg2 61. Qe4+ Kf2 62. Qe3+ Kf1 63. Qc1+ Kg2 64. Qc6+ Kh3 65. Qe6+ Kg2 66. Qe4+ Kg1 67. Qe1+ Kg2 68. Ke4 Qh7+ 69. Ke3 Qe7+ 70. Kd2 Qxe1+ 71. Kxe1 1/2-1/2

[Event "Titled Tuesday intern op 18th Jun Late"]
[Site "Chess.com INT"]
[Date "2024.06.18"]
[Round "1"]
[White "Ayushh, Ravikumar"]
[Black "Moussard, Jules"]
[Result "1/2-1/2"]
[WhiteElo "1950"]
[BlackElo "2610"]
[PlyCount "153"]
[EventDate "2024.06.18"]
[EventType "swiss (blitz)"]
[EventRounds "11"]
[EventCountry "USA"]
[SourceTitle "EXT 2025"]
[Source "ChessBase"]
[SourceDate "2024.10.14"]
[SourceVersion "1"]
[SourceVersionDate "2024.10.14"]
[SourceQuality "1"]

1. d4 d5 2. c4 e6 3. Nc3 a6 4. e3 Nf6 5. Nf3 b6 6. b3 Bb7 7. Be2 Nbd7 8. 0-0 Bd6 9. Bb2 0-0 10. Rc1 Re8 11. Na4 c5 12. Ne5 cxd4 13. exd4 dxc4 14. bxc4 Qc7 15. Bf3 Bxf3 16. Qxf3 Rac8 17. Rfe1 h6 18. c5 bxc5 19. Nxc5 Qa7 20. Nexd7 Nxd7 21. Nxd7 Qxd7 22. Ba3 Bb8 23. Qd3 Qd5 24. g3 Qxa2 25. Qxa6 Rcd8 26. Qd3 Qd5 27. Bc5 Bd6 28. Qe4 Qg5 29. Bxd6 Rxd6 30. Qe5 Qd8 31. Rcd1 Rd5 32. Qe3 Qd7 33. Rd2 Rd8 34. f4 Qa4 35. Red1 Qb4 36. Rd3 h5 37. Qd2 Qd6 38. Qe3 Qe7 39. Re1 Qf6 40. Red1 h4 41. Re1 g6 42. Red1 Kg7 43. Re1 hxg3 44. hxg3 Rh8 45. Qe4 Rdh5 46. Kf2 Rh2+ 47. Kf3 Qd8 48. Qe5+ Kg8 49. d5 Qa8 50. Qe4 Qa2 51. Re2 Rxe2 52. Qxe2 Qa8 53. Qe4 Rh2 54. Qd4 Qa2 55. Ke4 Re2+ 56. Re3 Rh2 57. Qd3 Qa4+ 58. Qd4 Qc2+ 59. Qd3 Qg2+ 60. Rf3 Qh1 61. dxe6 Qe1+ 62. Re3 Qb4+ 63. Qd4 Qb1+ 64. Qd3 Qb7+ 65. Qd5 Qb4+ 66. Qd4 Qb1+ 67. Qd3 Rc2 68. exf7+ Kxf7 69. Qd7+ Kg8 70. Qe8+ Kg7 71. Qe7+ Kh6 72. Qh4+ Kg7 73. Qe7+ Kg8 74. Qe8+ Kh7 75. Qe7+ Kh6 76. Qh4+ Kg7 77. Qe7+ 1/2-1/2

[Event "Titled Tuesday intern op 18th Jun Early"]
[Site "Chess.com INT"]
[Date "2024.06.18"]
[Round "7"]
[White "Ayushh, Ravikumar"]
[Black "Povshednyi, Ivan"]
[Result "0-1"]
[WhiteElo "1950"]
[BlackElo "2242"]
[PlyCount "146"]
[EventDate "2024.06.18"]
[EventType "swiss (blitz)"]
[EventRounds "11"]
[EventCountry "USA"]
[SourceTitle "EXT 2025"]
[Source "ChessBase"]
[SourceDate "2024.10.14"]
[SourceVersion "1"]
[SourceVersionDate "2024.10.14"]
[SourceQuality "1"]

1. d4 Nf6 2. Nf3 e6 3. c4 d5 4. g3 dxc4 5. Qa4+ c6 6. Qxc4 b5 7. Qd3 Bb7 8. Bg2 a6 9. 0-0 c5 10. dxc5 Qxd3 11. exd3 Bxc5 12. d4 Bd6 13. Nc3 Nbd7 14. Be3 0-0 15. Rfc1 Rfd8 16. Ne5 Bxg2 17. Nxd7 Bf3 18. Nxf6+ gxf6 19. Rc2 Rac8 20. Rac1 Rc4 21. b3 Rcc8 22. Nb1 Rxc2 23. Rxc2 Kg7 24. Nd2 Bd5 25. Kf1 a5 26. Ke2 Ra8 27. Bf4 Bxf4 28. gxf4 Kg6 29. Rc5 Rb8 30. Ke3 a4 31. Rc7 axb3 32. axb3 Ra8 33. Rc5 b4 34. Rb5 Ra1 35. Rxb4 Re1+ 36. Kd3 Rh1 37. Rb8 Rxh2 38. Ke3 Rh3+ 39. f3 Kg7 40. b4 Rh1 41. Ne4 Re1+ 42. Kf2 Rd1 43. Ke3 f5 44. Nd6 Rf1 45. b5 Rxf3+ 46. Kd2 Rxf4 47. Kc3 Rf3+ 48. Kb4 h5 49. b6 h4 50. b7 Rb3+ 51. Kc5 h3 52. Ra8 Bxb7 53. Nxb7 Rxb7 54. Ra3 h2 55. Rh3 Rb2 56. Kd6 Kg6 57. Ke5 Rf2 58. Rg3+ Kh5 59. Rg8 Kh4 60. d5 exd5 61. Kd4 Kh3 62. Rh8+ Kg2 63. Rg8+ Kf1 64. Rh8 Kg1 65. Ke3 Rg2 66. Ra8 h1Q 67. Ra1+ Kh2 68. Ra3 Rg3+ 69. Kf2 Rxa3 70. Ke2 Qe4+ 71. Kd2 Rd3+ 72. Kc2 Qc4+ 73. Kb2 Rb3+ 0-1

[Event "Titled Tuesday intern op 18th Jun Late"]
[Site "Chess.com INT"]
[Date "2024.06.18"]
[Round "4"]
[White "Ayushh, Ravikumar"]
[Black "Vila Dupla, Aurelio"]
[Result "1-0"]
[WhiteElo "1950"]
[BlackElo "2042"]
[PlyCount "61"]
[EventDate "2024.06.18"]
[EventType "swiss (blitz)"]
[EventRounds "11"]
[EventCountry "USA"]
[SourceTitle "EXT 2025"]
[Source "ChessBase"]
[SourceDate "2024.10.14"]
[SourceVersion "1"]
[SourceVersionDate "2024.10.14"]
[SourceQuality "1"]

1. d4 Nf6 2. c4 g6 3. Nf3 Bg7 4. g3 0-0 5. Bg2 c6 6. 0-0 d5 7. Nbd2 Bf5 8. b3 Ne4 9. Bb2 Nxd2 10. Qxd2 Be4 11. Rfd1 Nd7 12. Ne5 Bxg2 13. Nxd7 Qxd7 14. Kxg2 Qe6 15. Rac1 Rfd8 16. cxd5 Qxd5+ 17. f3 f5 18. Qd3 e6 19. e4 fxe4 20. fxe4 Qa5 21. Qc4 Re8 22. a4 Rad8 23. Bc3 Qb6 24. d5 exd5 25. exd5 cxd5 26. Rxd5 Re2+ 27. Qxe2 Rxd5 28. Bxg7 Kxg7 29. Qe7+ Kh6 30. Qf8+ Kg5 31. Qf4+ 1-0

[Event "Titled Tuesday intern op 18th Jun Late"]
[Site "Chess.com INT"]
[Date "2024.06.18"]
[Round "2"]
[White "Fedoseev, Vladimir1"]
[Black "Ayushh, Ravikumar"]
[Result "1-0"]
[WhiteElo "2685"]
[BlackElo "1950"]
[PlyCount "77"]
[EventDate "2024.06.18"]
[EventType "swiss (blitz)"]
[EventRounds "11"]
[EventCountry "USA"]
[SourceTitle "EXT 2025"]
[Source "ChessBase"]
[SourceDate "2024.10.14"]
[SourceVersion "1"]
[SourceVersionDate "2024.10.14"]
[SourceQuality "1"]

1. e4 e5 2. Nf3 Nf6 3. Nc3 Nc6 4. Bb5 Nd4 5. 0-0 Nxb5 6. Nxb5 d6 7. d4 exd4 8. Nfxd4 a6 9. Nc3 Be7 10. Qf3 0-0 11. h3 c6 12. Bf4 Nd7 13. Rad1 Ne5 14. Bxe5 dxe5 15. Nxc6 Qe8 16. Nxe7+ Qxe7 17. Nd5 Qc5 18. b4 Qxc2 19. Ne7+ Kh8 20. Qxf7 Bg4 21. Rc1 Qxe4 22. Qd5 Qxb4 23. Rc7 Be2 24. Qxe5 Qb6 25. Nd5 Qh6 26. Qxe2 Rae8 27. Rf7 Qd6 28. Qe7 Qxe7 29. Rxe7 Rd8 30. Ne3 Rd2 31. Rxb7 Rxa2 32. Ra7 a5 33. g3 a4 34. h4 h6 35. h5 Rb8 36. Nf5 Rb5 37. Nxg7 Rg5 38. Ne6 Rxh5 39. Rc1 1-0

[Event "Titled Tuesday intern op 18th Jun Early"]
[Site "Chess.com INT"]
[Date "2024.06.18"]
[Round "9"]
[White "Fierz, Martin"]
[Black "Ayushh, Ravikumar"]
[Result "1/2-1/2"]
[WhiteElo "2347"]
[BlackElo "1950"]
[PlyCount "196"]
[EventDate "2024.06.18"]
[EventType "swiss (blitz)"]
[EventRounds "11"]
[EventCountry "USA"]
[SourceTitle "EXT 2025"]
[Source "ChessBase"]
[SourceDate "2024.10.14"]
[SourceVersion "1"]
[SourceVersionDate "2024.10.14"]
[SourceQuality "1"]

1. e4 e5 2. Nf3 Nf6 3. Nc3 Nc6 4. Bb5 Nd4 5. Nxd4 exd4 6. e5 dxc3 7. exf6 Qxf6 8. dxc3 c6 9. Bd3 d5 10. 0-0 Bd6 11. Qh5 h6 12. Re1+ Be6 13. Bg5 Qxg5 14. Rxe6+ Be7 15. Qxg5 hxg5 16. Re3 Kd7 17. Rae1 Bc5 18. R3e2 Rae8 19. Rxe8 Rxe8 20. Rxe8 Kxe8 21. Kf1 Ke7 22. Ke2 Kd6 23. g3 Ke5 24. f3 f6 25. Bg6 Bg1 26. h3 b5 27. Be8 Kd6 28. a3 a6 29. h4 gxh4 30. gxh4 c5 31. h5 Ke5 32. Bd7 d4 33. cxd4+ Bxd4 34. c3 Bg1 35. Bc8 a5 36. Bd7 b4 37. axb4 axb4 38. cxb4 cxb4 39. Be8 Kd4 40. Bf7 Be3 41. Bg8 Bh6 42. Bf7 Ke5 43. Bg8 Kf5 44. Bf7 Kg5 45. Kd3 Kh4 46. Be8 Kg3 47. Bc6 Kf2 48. Bd5 Ke1 49. Kc4 Bd2 50. Kd3 Kd1 51. b3 Kc1 52. Ke4 Kc2 53. Kf5 Bh6 54. Ke4 Kc3 55. Be6 Kd2 56. Bd5 Ke2 57. Be6 Kf2 58. Bd5 Kg3 59. Be6 Kh4 60. Bf7 Kg5 61. Be8 Kh4 62. Bf7 Bc1 63. Be8 Kg5 64. Bf7 f5+ 65. Kd3 Kf4 66. Ke2 Ke5 67. Bg6 Bh6 68. Bf7 Kf6 69. Be8 Ke7 70. Bg6 Ke6 71. Kd3 Ke5 72. Ke2 Kf4 73. Bf7 Kg5 74. Be8 Kf6 75. Kd3 Bf4 76. Kc4 Bd2 77. Kd3 Bc3 78. Ke3 Ke5 79. f4+ Kf6 80. Bg6 Bb2 81. Kf3 Bc1 82. Be8 Ke6 83. Bg6 Bb2 84. Bh7 Bf6 85. Bg6 Be7 86. Bh7 Kf6 87. Bg6 Bd6 88. Bh7 g5 89. hxg6 Kg7 90. Ke3 Bc5+ 91. Kf3 Bd6 92. Ke3 Bc5+ 93. Kf3 Kh6 94. Bg8 Kg7 95. Be6 Kxg6 96. Bd7 Kf6 97. Bc8 Bd6 98. Bd7 Bc7 1/2-1/2

[Event "Titled Tuesday intern op 11th Jun Early"]
[Site "Chess.com INT"]
[Date "2024.06.11"]
[Round "4"]
[White "Ayushh, Ravikumar"]
[Black "Seemann, Jakub"]
[Result "0-1"]
[WhiteElo "1950"]
[BlackElo "2466"]
[PlyCount "86"]
[EventDate "2024.06.11"]
[EventType "swiss (blitz)"]
[EventRounds "11"]
[EventCountry "USA"]
[SourceTitle "EXT 2025"]
[Source "ChessBase"]
[SourceDate "2024.10.14"]
[SourceVersion "1"]
[SourceVersionDate "2024.10.14"]
[SourceQuality "1"]

1. Nf3 d5 2. g3 Nf6 3. Bg2 g6 4. 0-0 Bg7 5. b3 0-0 6. Bb2 c5 7. d4 cxd4 8. Nxd4 Nc6 9. Nxc6 bxc6 10. c4 Ba6 11. Nd2 Rc8 12. Rc1 d4 13. c5 e5 14. Nc4 Bxc4 15. Rxc4 Nd5 16. b4 f5 17. Qb3 Kh8 18. e3 dxe3 19. fxe3 e4 20. Bxg7+ Kxg7 21. Rd4 Qe7 22. Rfd1 a6 23. Bf1 h5 24. Bc4 Nf6 25. Bxa6 Ra8 26. Be2 h4 27. b5 hxg3 28. hxg3 Qxc5 29. bxc6 Qe5 30. Kg2 Rf7 31. Rd8 Rxd8 32. Rxd8 g5 33. Qb8 Qc3 34. c7 Rxc7 35. Rh8 Rf7 36. Rc8 Qxe3 37. Qb2 f4 38. gxf4 gxf4 39. Bc4 Qg3+ 40. Kf1 Qf3+ 41. Ke1 Qh1+ 42. Kd2 Rd7+ 43. Kc3 Qe1+ 0-1

[Event "Wch U20 61st"]
[Site "Gandhinagar"]
[Date "2024.06.05"]
[Round "4"]
[White "Pozzari, Simone"]
[Black "Ayushh, Ravikumar"]
[Result "0-1"]
[WhiteElo "2276"]
[BlackElo "1950"]
[PlyCount "178"]
[EventDate "2024.06.02"]
[EventType "swiss"]
[EventRounds "11"]
[EventCountry "IND"]
[SourceTitle "CBM 220 Extra"]
[Source "ChessBase"]
[SourceDate "2024.07.31"]
[SourceVersion "1"]
[SourceVersionDate "2024.07.31"]
[SourceQuality "1"]

1. d4 Nf6 2. c4 e6 3. Nf3 d5 4. g3 Be7 5. Bg2 0-0 6. 0-0 c6 7. Qc2 Nbd7 8. Nbd2 b6 9. e4 dxe4 10. Nxe4 Nxe4 11. Qxe4 Bb7 12. Rd1 Qc8 13. Qc2 Rd8 14. Bg5 Nf6 15. c5 bxc5 16. dxc5 Rd5 17. b4 a5 18. a3 Ba6 19. Bf4 axb4 20. axb4 Rxd1+ 21. Qxd1 Nd5 22. Bd6 Bxd6 23. cxd6 Qd8 24. Nd4 Qxd6 25. b5 cxb5 26. Nxb5 Qc5 27. Bxd5 exd5 28. Nd4 g6 29. Qd2 Bb7 30. Rxa8+ Bxa8 31. Qe3 Bc6 32. Qe5 Bd7 33. Qb8+ Kg7 34. Qe5+ f6 35. Qe3 Qd6 36. Kg2 Qe5 37. Qd2 h5 38. h4 Bg4 39. Qb2 Bd7 40. Qd2 Qe4+ 41. Kh2 Bf5 42. Nc6 Qb1 43. Nd4 Qe4 44. Nc6 Be6 45. Nd4 Bf7 46. Qe3 Qxe3 47. fxe3 g5 48. Kg2 Bg6 49. Kh3 Be8 50. Kg2 Bd7 51. Kf3 Bg4+ 52. Kf2 Kf7 53. Ke1 Ke7 54. Kf2 Kd6 55. Ke1 Ke5 56. Kf1 Ke4 57. Kf2 Bd1 58. Nb5 Bg4 59. Nd6+ Ke5 60. Nb5 Bd7 61. Nd4 Bg4 62. Nc6+ Ke4 63. Nd4 gxh4 64. gxh4 f5 65. Ne6 f4 66. Nc5+ Kf5 67. Nd3 fxe3+ 68. Kxe3 Bd1 69. Nb4 Bb3 70. Nc6 Kg4 71. Nd4 Bd1 72. Nc6 Kxh4 73. Kf4 Bc2 74. Nd4 Be4 75. Ne2 Bd3 76. Nd4 Be4 77. Ne2 Kh3 78. Kg5 Bf3 79. Nf4+ Kg3 80. Nxd5 h4 81. Ne3 h3 82. Nf1+ Kg2 83. Kh4 Be2 84. Ne3+ Kh2 85. Nd5 Ba6 86. Ne3 Bc8 87. Nf1+ Kg2 88. Ne3+ Kf2 89. Nd1+ Kf3 0-1

[Event "Wch U20 61st"]
[Site "Gandhinagar"]
[Date "2024.06.04"]
[Round "3"]
[White "Ayushh, Ravikumar"]
[Black "Alhejab, Meshal"]
[Result "1-0"]
[WhiteElo "1950"]
[BlackElo "1837"]
[PlyCount "53"]
[EventDate "2024.06.02"]
[EventType "swiss"]
[EventRounds "11"]
[EventCountry "IND"]
[SourceTitle "CBM 220 Extra"]
[Source "ChessBase"]
[SourceDate "2024.07.31"]
[SourceVersion "1"]
[SourceVersionDate "2024.07.31"]
[SourceQuality "1"]

1. d4 Nf6 2. c4 e6 3. g3 d5 4. Bg2 dxc4 5. Qa4+ c6 6. Qxc4 Nd5 7. Nf3 b5 8. Qb3 a5 9. a4 b4 10. Ne5 Bb7 11. Nd2 Be7 12. Ndc4 Na6 13. 0-0 c5 14. e4 Nf6 15. d5 exd5 16. exd5 Bxd5 17. Rd1 0-0 18. Nc6 Qc7 19. Rxd5 Nxd5 20. Bxd5 Bd6 21. Nxd6 Qxd6 22. Bf4 Qf6 23. Be5 Qg5 24. f4 Qg4 25. Ne7+ Kh8 26. Bxa8 Rxa8 27. Qxf7 1-0